logo

Bir Sreshtho Munshi Abdur Rouf Library
Jhenaidah Cadet College

মানব সভ্যতার উষা - লগ্নে / (Record no. 6993)

MARC details
000 -LEADER
fixed length control field 00753nam a22002297a 4500
001 - CONTROL NUMBER
JCCL Control Number 6993
003 - CONTROL NUMBER IDENTIFIER
JCCL marc code BD-JhCC
005 - DATE AND TIME OF LATEST TRANSACTION
control field 20180208182147.0
008 - FIXED-LENGTH DATA ELEMENTS--GENERAL INFORMATION
fixed length control field 180203b xxu||||| |||| 00| 0 eng d
035 ## - SYSTEM CONTROL NUMBER
system control number (BD-JhCC)6993
040 ## - CATALOGING SOURCE
Original cataloging agency BD-JhCC
Modifying agency BD-JhCC
041 ## - LANGUAGE CODE
Language code of Book Ben
082 ## - DEWEY DECIMAL CLASSIFICATION NUMBER
Classification number 930
Author mark and Year SEN 1377
100 ## - MAIN ENTRY--PERSONAL NAME
Personal name সেন, সত্যেন
245 ## - TITLE STATEMENT
Title মানব সভ্যতার উষা - লগ্নে /
Statement of responsibility, etc সত্যেন সেন, আসাহাবুর রহমান
260 ## - PUBLICATION, DISTRIBUTION, ETC. (IMPRINT)
Place of publication, distribution, etc ঢাকা :
Name of publisher, distributor, etc খান ব্রাদার্স এন্ড কোঃ,
Date of publication, distribution, etc 1377.
300 ## - PHYSICAL DESCRIPTION
Pagination 162 p. :
Dimensions 22 cm.
650 ## - SUBJECT ADDED ENTRY--TOPICAL TERM
Topical term or geographic name as entry element Civilizatiom
700 ## - ADDED ENTRY--PERSONAL NAME
Personal name রহমান, আসাহাবুর
942 ## - ADDED ENTRY ELEMENTS (KOHA)
Source of classification or shelving scheme Dewey Decimal Classification
Koha item type Books
Holdings
Source of classification or shelving scheme Damaged status Not for loan Home library Current library Shelving location Cost, normal purchase price Total Checkouts Full call number Barcode Date last seen Copy number Koha item type
Dewey Decimal Classification     JCC Rouf Library JCC Rouf Library General Stacks 7.00   930 SEN 1377 9646 02/03/2018 C - 1 Books

JCC Library | Contacts | JCC Home

Last Update on 23 September 2017
Copyright @ 2017-2020 JCC Rouf Library
Rouf Library, Jhenidah Cadet College (JCC), Bangladesh